<?xml version="1.0" encoding="UTF-8"?>
<record
    xmlns:xsi="http://www.w3.org/2001/XMLSchema-instance"
    xsi:schemaLocation="http://www.loc.gov/MARC21/slim http://www.loc.gov/standards/marcxml/schema/MARC21slim.xsd"
    xmlns="http://www.loc.gov/MARC21/slim">

  <leader>01381namaa22003131i 4500</leader>
  <controlfield tag="005">20260521105454.0</controlfield>
  <controlfield tag="008">260521s1994    ua a|||frm||| 000 0 eng d</controlfield>
  <datafield tag="040" ind1=" " ind2=" ">
    <subfield code="a">EG-GICUC</subfield>
    <subfield code="b">eng</subfield>
    <subfield code="c">EG-GICUC</subfield>
    <subfield code="d">EG-GICUC</subfield>
    <subfield code="e">rda</subfield>
  </datafield>
  <datafield tag="041" ind1="0" ind2=" ">
    <subfield code="a">eng</subfield>
    <subfield code="b">eng</subfield>
    <subfield code="b">ara</subfield>
  </datafield>
  <datafield tag="049" ind1=" " ind2=" ">
    <subfield code="a">Deposit</subfield>
  </datafield>
  <datafield tag="097" ind1=" " ind2=" ">
    <subfield code="a">M.Sc</subfield>
  </datafield>
  <datafield tag="099" ind1=" " ind2=" ">
    <subfield code="a">Cai01.11.28.M.Sc.1994.Ni.N</subfield>
  </datafield>
  <datafield tag="100" ind1="0" ind2=" ">
    <subfield code="a">Nivine Mohamed Abdel Monem El Enbaby,</subfield>
    <subfield code="e">preparation.</subfield>
  </datafield>
  <datafield tag="245" ind1="1" ind2="0">
    <subfield code="a">Nutrition In the preterm and low birth weight infants and its relation to growth and development /</subfield>
    <subfield code="c">By Nivine Mohamed Abdel Monem El Enbaby ; Supervisors prof. Dr. Soad Eshak, Prof. Dr. Nargis Labib</subfield>
  </datafield>
  <datafield tag="246" ind1="1" ind2="5">
    <subfield code="a">&#x627;&#x644;&#x62A;&#x63A;&#x630;&#x64A;&#x629; &#x641;&#x64A; &#x627;&#x644;&#x627;&#x637;&#x641;&#x627;&#x644; &#x627;&#x644;&#x645;&#x628;&#x62A;&#x633;&#x631;&#x64A;&#x646; &#x648;&#x639;&#x644;&#x627;&#x642;&#x62A;&#x647;&#x627; &#x628;&#x627;&#x644;&#x646;&#x645;&#x648; &#x648;&#x627;&#x644;&#x62A;&#x637;&#x648;&#x631;</subfield>
  </datafield>
  <datafield tag="264" ind1=" " ind2="0">
    <subfield code="c">1994.</subfield>
  </datafield>
  <datafield tag="300" ind1=" " ind2=" ">
    <subfield code="a">172 Leaves</subfield>
    <subfield code="b">illustrations </subfield>
    <subfield code="c">30 cm. + </subfield>
  </datafield>
  <datafield tag="336" ind1=" " ind2=" ">
    <subfield code="2">rda content</subfield>
    <subfield code="a">text</subfield>
  </datafield>
  <datafield tag="337" ind1=" " ind2=" ">
    <subfield code="2">rdamedia</subfield>
    <subfield code="a">Unmediated</subfield>
  </datafield>
  <datafield tag="338" ind1=" " ind2=" ">
    <subfield code="2">rdacarrier</subfield>
    <subfield code="a">volume</subfield>
  </datafield>
  <datafield tag="502" ind1=" " ind2=" ">
    <subfield code="a">Thesis (M.Sc.)-Cairo University, 1994</subfield>
  </datafield>
  <datafield tag="504" ind1=" " ind2=" ">
    <subfield code="a">Bibliography: pages 143-172</subfield>
  </datafield>
  <datafield tag="653" ind1=" " ind2="0">
    <subfield code="a">Nutrition In the preterm</subfield>
    <subfield code="a">low birth weight infants</subfield>
    <subfield code="a">low birth weight infants and its relation to growth and development</subfield>
  </datafield>
  <datafield tag="700" ind1="0" ind2=" ">
    <subfield code="a">Soad Eshak</subfield>
    <subfield code="e">thesis advisor.</subfield>
  </datafield>
  <datafield tag="700" ind1="0" ind2=" ">
    <subfield code="a">Nargis Labib</subfield>
    <subfield code="e">thesis advisor.</subfield>
  </datafield>
  <datafield tag="900" ind1=" " ind2=" ">
    <subfield code="D">Department of Pediatrics</subfield>
    <subfield code="F">Faculty of Medicine</subfield>
    <subfield code="U">Cairo University</subfield>
    <subfield code="b">1994</subfield>
    <subfield code="c">Soad Eshak</subfield>
    <subfield code="c">Nargis Labib</subfield>
  </datafield>
  <datafield tag="905" ind1=" " ind2=" ">
    <subfield code="a">Nehad</subfield>
  </datafield>
  <datafield tag="942" ind1=" " ind2=" ">
    <subfield code="2">ddc</subfield>
    <subfield code="c">TH</subfield>
    <subfield code="e">21</subfield>
    <subfield code="n">0</subfield>
  </datafield>
  <datafield tag="999" ind1=" " ind2=" ">
    <subfield code="c">180247</subfield>
  </datafield>
  <datafield tag="952" ind1=" " ind2=" ">
    <subfield code="2">ddc</subfield>
    <subfield code="9">318300</subfield>
    <subfield code="a">CUCL</subfield>
    <subfield code="b">100</subfield>
    <subfield code="d">2026-05-21</subfield>
    <subfield code="i">25842</subfield>
    <subfield code="o">Cai01.11.28.M.Sc.1994.Ni.N</subfield>
    <subfield code="p">01010110025842000</subfield>
    <subfield code="r">2026-05-21 10:00:40</subfield>
    <subfield code="w">2026-05-21</subfield>
    <subfield code="y">TH</subfield>
  </datafield>
</record>
